01007nam a2200277 a 450000100060000000300160000600500170002200800410003902000150008003500140009504000270010904100080013608200270014410000420017124500810021325000120029426000340030630000330034050400510037365000330042465000520045770000440050994200120055399900170056595201470058267049(BD-RjUL) 6718020211209081618.0170322s1987 nyua b 001 0 eng d a0333442865 a(BD-RjUL) aDLCcDLCdBD-RjULbeng aeng00a621.3815223bBAF 19871 aBannister, B. R.q(Brian Roy)919858910aFundamentals of modern digital systems /cB.R. Bannister and D.G. Whitehead. a2nd ed. aNew York :bMcmillan,cc1987. aix, 304 p. :bill. ;c24 cm. aIncludes bibliographical references and index. 0aDigital electronics.9198590 0aElectronic digital computersxCircuits.91985911 aWhitehead, D. G.q(Donald Gill)9198592 2ddccBK c67049d67049 00102ddc40718NFICaRUCLbRUCLcReadingd1991-10-02eAbacus, London.g11.99l0o621.3815 BAF 1987r2017-03-22 00:00:00tC-1w2017-03-22yBK